007230000a220012100045001000024000002450052000243000052000765200313001287730045004419420008004869520090004949990017005841 aValencia, Margarita10aLos asesinos prudentes : Del 23 al 26 de agosto aVol.0, núm.23 (Agosto, 2007), Páginas 15-22 aArcadia, en contra de la tendencia del periodismo moderno, publica este artículo de nueve pa´ginas que pasa revista a todos y cada uno de los escritores elegidos por el evento literario Bogotá 39... Margarita Valencia ha tenido la audacia de leerlos a todos, y de presentar aquí su tejante veredicto.0 tArcadia / Andrés Felipe Solano, Editor cANA 001040708HEMaFUSBCbFUSBCd2016-01-26l0o r2016-01-26 00:00:00w2016-01-26yANA c62290d62290